5HLuxD.jpg

KING HENRY VIII SENIOR AND PRIMARY SCHOOL LIBRARY OPAC

The one thing : (Record no. 601)

000 -LEADER
fixed length control field 02313cam a2200337Ma 4500
001 - CONTROL NUMBER
control field .b19826588
003 - CONTROL NUMBER IDENTIFIER
control field OCoLC
005 - DATE AND TIME OF LATEST TRANSACTION
control field 20190904093434.0
008 - FIXED-LENGTH DATA ELEMENTS--GENERAL INFORMATION
fixed length control field 140108s2014 enk 000 0 eng d
015 ## - NATIONAL BIBLIOGRAPHY NUMBER
National bibliography number GBB414219
Source bnb
020 ## - INTERNATIONAL STANDARD BOOK NUMBER
International Standard Book Number 9781848549258
Qualifying information (pbk.)
020 ## - INTERNATIONAL STANDARD BOOK NUMBER
International Standard Book Number 1848549253
Qualifying information (pbk.)
035 ## - SYSTEM CONTROL NUMBER
System control number (OCoLC)870426611
Canceled/invalid control number (OCoLC)966242721
040 ## - CATALOGING SOURCE
Original cataloging agency UKMGB
Language of cataloging eng
Transcribing agency UKMGB
Modifying agency OCLCO
-- OCLCF
-- MHDOL
-- YDXCP
-- OCLCQ
-- CNGUL
-- NZROP
-- LIP
-- THHCU
-- OCLCQ
042 ## - AUTHENTICATION CODE
Authentication code nbic
082 ## - DEWEY DECIMAL CLASSIFICATION NUMBER
Classification number 650 KEL
100 1# - MAIN ENTRY--PERSONAL NAME
Personal name Keller, Gary,
Dates associated with a name 1957-
Relator term author.
245 14 - TITLE STATEMENT
Title The one thing :
Remainder of title the surprisingly simple truth behind extraordinary results /
Statement of responsibility, etc. Gary Keller with Jay Papasan.
260 ## - PUBLICATION, DISTRIBUTION, ETC.
Place of publication, distribution, etc. London :
Name of publisher, distributor, etc. John Murray,
Date of publication, distribution, etc. 2014.
300 ## - PHYSICAL DESCRIPTION
Extent 239 pages :
Other physical details illustrations ;
Dimensions 20 cm.
504 ## - BIBLIOGRAPHY, ETC. NOTE
Bibliography, etc. note Includes index.
505 0# - FORMATTED CONTENTS NOTE
Formatted contents note The ONE thing -- The domino effect -- Success leaves clues -- pt. 1. The lies : they mislead and derail us -- pt. 2. The truth : the simple path to productivity -- pt. 3. Extraordinary results : unlocking the possibilities within you -- Putting the ONE thing to work.
520 ## - SUMMARY, ETC.
Summary, etc. "YOU WANT LESS. You want fewer distractions and less on your plate. The daily barrage of e-mails, texts, tweets, messages, and meetings distract you and stress you out. The simultaneous demands of work and family are taking a toll. And what's the cost? Second-rate work, missed deadlines, smaller pay cheques, fewer promotions-and lots of stress. AND YOU WANT MORE. You want more productivity from your work. More income for a better lifestyle. You want more satisfaction from life, and more time for yourself, your family, and your friends. NOW YOU CAN HAVE BOTH-LESS AND MORE. In The ONE Thing, you'll learn to cut through the clutter achieve better results in less time build momentum toward your goal dial down the stress overcome that overwhelmed feeling revive your energy stay on track master what matters to you The ONE Thing is the New York Times bestseller which delivers extraordinary results in every area of your life-work, personal, family, and spiritual. WHAT'S YOUR ONE THING? "--Publisher's description.
650 #0 - SUBJECT ADDED ENTRY--TOPICAL TERM
Topical term or geographic name entry element Success in business.
650 #0 - SUBJECT ADDED ENTRY--TOPICAL TERM
Topical term or geographic name entry element Success.
650 #0 - SUBJECT ADDED ENTRY--TOPICAL TERM
Topical term or geographic name entry element Work-life balance.
650 #7 - SUBJECT ADDED ENTRY--TOPICAL TERM
Topical term or geographic name entry element Success.
650 #7 - SUBJECT ADDED ENTRY--TOPICAL TERM
Topical term or geographic name entry element Success in business.
700 ## - ADDED ENTRY--PERSONAL NAME
Personal name Papasan, Jay
942 ## - ADDED ENTRY ELEMENTS (KOHA)
Source of classification or shelving scheme
Koha item type Books - Non Ficton
Holdings
Withdrawn status Lost status Source of classification or shelving scheme Damaged status Not for loan Collection code Permanent Location Current Location Shelving location Date acquired Total Checkouts Full call number Barcode Date last seen Date last checked out Price effective from Koha item type
          Non-Fiction KH8 Senior School Library KH8 Senior School Library Non Fiction 2019-09-04 1 650 KEL 3KHSL000101327 2022-06-01 2022-05-24 2019-09-04 Books - Non Ficton

Powered By KH8 IT Dept